|
|
|
|
| LEADER |
00000nkm a2200000 a 4500 |
| 001 |
vtls011610348 |
| 003 |
SK-MaSNL |
| 005 |
20260426000222.0 |
| 007 |
kf bo |
| 008 |
240409s1997 xo g kuslo |
| 035 |
|
|
|a urn:nbn:sk:snk-km00cqbs
|
| 035 |
|
|
|a urn:nbn:sk:snk-km3lrfh
|
| 035 |
|
|
|a 1AB79EF7-BC05-4854-8674-B5D24C0BCFD6
|
| 040 |
|
|
|a SNK
|b slo
|c SNK
|e AACR2
|
| 041 |
0 |
|
|a slo
|
| 043 |
|
|
|a e-xo---
|
| 044 |
|
|
|a xo
|c SK
|
| 072 |
|
7 |
|a 394
|x Verejný a spoločenský život. Každodenný život
|2 konspekt
|
| 072 |
|
7 |
|a 929
|x Biografie
|2 konspekt
|
| 080 |
|
|
|a 394.46
|2 2011
|
| 080 |
|
|
|a (084.5)
|2 2011
|
| 080 |
|
|
|a 929
|2 2011
|
| 245 |
0 |
0 |
|a XIX. Divadelná Spišská Nová Ves - celoslovenská prehliadka vyspelých ochotníckych divadelných súborov 11. - 16. 6. 1979
|b programový plagát
|h grafika
|
| 246 |
3 |
|
|a Devetnásta Divadelná Spišská Nová Ves - celoslovenská prehliadka vyspelých ochotníckych divadelných súborov 11. - 16. 6. 1979
|
| 260 |
|
|
|a Spišská Nová Ves
|b Podtatranské divadlo
|c 1979
|
| 300 |
|
|
|a 1 plagát
|b farebný; podklad biely, text modrej farby
|c 86 x 61 cm
|
| 648 |
|
7 |
|a 11. - 16. 6. 1979
|2 SNKPH
|9 553746
|
| 650 |
0 |
7 |
|a divadelné festivaly a prehliadky
|2 SNKPH
|9 3350
|
| 651 |
|
7 |
|a Slovensko
|2 SNKPH
|9 14231
|
| 655 |
|
7 |
|a plagáty
|2 SNKPH
|9 70571
|
| 852 |
|
|
|a Slovenská národná knižnica v Martine
|
| 958 |
|
|
|a CP
|
| 958 |
|
|
|a GBN
|
| 999 |
|
|
|c 849589
|d 851519
|
| 952 |
|
|
|a SNKLM
|b SNKLM
|c SNKLM_ST
|y NEVYP
|7 1
|p 17A1201582
|o snklm L 1028
|i snklm 130/1984
|8 7
|0 0
|1 0
|4 0
|d 2017-02-10
|f 1
|l 0
|r 2026-02-24 04:37:53
|w 2026-02-24
|